Cybercrime (Record no. 1312931)

MARC details
000 -LEADER
fixed length control field 00506nam a2200205Ia 4500
005 - DATE AND TIME OF LATEST TRANSACTION
control field 20250506172944.0
008 - FIXED-LENGTH DATA ELEMENTS--GENERAL INFORMATION
fixed length control field 008 250505s9999 xx 000 0 eng d
020 ## - INTERNATIONAL STANDARD BOOK NUMBER
International Standard Book Number 9781984622631
037 ## - SOURCE OF ACQUISITION
Stock number TB
040 ## - CATALOGING SOURCE
Original cataloging agency ILCL
Language of cataloging eng
Transcribing agency ILCL
041 ## - LANGUAGE CODE
Language code of text/sound track or separate title eng
Source of code eng
082 ## - DEWEY DECIMAL CLASSIFICATION NUMBER
Assigning agency ILCL
245 #0 - TITLE STATEMENT
Title Cybercrime
260 ## - PUBLICATION, DISTRIBUTION, ETC.
Place of publication, distribution, etc. New York
Name of publisher, distributor, etc. 3G E-Learning LLC
Date of publication, distribution, etc. 2019
300 ## - PHYSICAL DESCRIPTION
Extent 191p.
365 ## - TRADE PRICE
Price type code INR
710 ## - ADDED ENTRY--CORPORATE NAME
Corporate name or jurisdiction name as entry element 3G E-Learning LLC, USA
9 (RLIN) 754864
942 ## - ADDED ENTRY ELEMENTS (KOHA)
Koha item type Textbook
Source of classification or shelving scheme
Holdings
Withdrawn status Lost status Damaged status Not for loan Home library Current library Date acquired Source of acquisition Cost, normal purchase price Inventory number Total Checkouts Barcode Date last seen Price effective from Koha item type
        Integrated Law Course library Integrated Law Course library 9-03-24 The Book Seller 8395.00 9305 dt. 03-09-2024   IL1864091 2025-05-06 2025-05-06 Textbook
Copyright @ Delhi University Library System